000 02600nam a2200253Ii 4500
008 221202s xx 000 0 und d
245 4 _aThe Europe of Elites :
_b A Study into the Europeanness of Europe's Political and Economic Elites
264 _bOxford University Press
_c2012
300 _a1 online resource (314 pages)
336 _atext
_btxt
_2rdacontent
337 _acomputer
_bc
_2rdamedia
338 _aonline resource
_bcr
_2rdacarrier
520 _aIt has been widely acknowledged that the process of European integration and unification was started and is still pursued as an elite project, designed to put an end to debilitating conflicts and rivalries by consolidating a common power base and by pooling Europe’s economic resources. Nevertheless elites have remained the known unknowns of the European integration process. The present volume is designed to change this. Based on surveys of political and economic elites in 18 European countries, it is a comprehensive study of the visions, fears, cognitions, and values of members of national parliaments and top business leaders underlying their attitudes towards European integration. It also investigates political and economic elites’ embeddedness in transnational networks and their ability to communicate in multicultural settings. Our book strongly supports the view of an elitist character of the process of European integration on the one hand, while challenging the idea that European national elites have merged or are even merging into a coherent Eurelite on the other. As the 11 chapters of this book show, the process of European integration is much more colourful and even contradictory than concepts of a straightforward normative and structural integration suggest. In particular this process is deeply rooted in and conditional on the social and political settings in national contexts. The empirical basis for this book is provided by the data of the international IntUne project, which has for the first time created a comprehensive database combining coordinated surveys of Europe-related attitudes at the elite and general population level.
653 _aEconomic Elite
653 _aEuropean Institutions
653 _aEuropeanization
653 _aEuropeanness
653 _aRepresentation
700 1 _aBest, Heinrich
700 1 _aLengyel, György
700 1 _aVerzichelli, Luca
856 _uhttps://library.oapen.org/bitstream/20.500.12657/33856/1/453477.pdfhttp://ukcatalogue.oup.com/product/9780199602315.do#.UhyGDawwr_khttp://library.oapen.org/handle/20.500.12657/33856
942 _cE-BOOK
999 _c66282
_d66282